000 01221nam a22002897a 4500
005 20240530110353.0
008 141229s2010 ua op f b 000 0 ara d
017 _a16107
_bمصر . دار الكتب المصرية
020 _a9770526266
040 _aEG-CaGPL
041 0 _aara
082 0 4 _221
_a932.07
_bق/ن آ
100 0 _aنور جلال عبدالحميد
245 1 0 _aاثار و حضارة الدولة الحديثة فى العصور المصرية القديمة /
_cتاليف نور جلال عبدالحميد
250 _aط1
260 _aالقاهرة :
_bمكتبة الانجلو المصرية ،
_c2010
300 _a300 ص :
_bصور لو ؛
_c24 سم
504 _aببليوجرافية : ص 265 - 281
650 0 4 _aالاثار الفرعونية
650 0 4 _aالفن المصرى الحديث
650 0 4 _aالمعابد المصرية القديمة
651 0 4 _aمصر القديمة
_xتاريخ
_zالدولة الحديثة
651 0 4 _aمصر القديمة
_xتاريخ
_yعصر الاسرة الثامنة عشر
651 0 4 _aمصر القديمة
_xتاريخ
_yعصر الرعامسة
942 _2ddc
_cBK
999 _c60120
_d60120